| 000 | 00610nam a2200193Ia 4500 | ||
|---|---|---|---|
| 005 | 20260601193253.0 | ||
| 008 | 260601s9999||||xx |||||||||||||| ||und|| | ||
| 020 |
_a978-3-031-68165-3 _qebk |
||
| 100 | _aMaarten van Steen | ||
| 245 | 0 | _aCloud Computing and Services Science | |
| 250 | _a2024 | ||
| 260 |
_aHeidelberg, Germany _bSpringer Nature _c2024 |
||
| 440 | _aCommunications in Computer and Information Science | ||
| 650 | _aComputer Science | ||
| 700 | _aClaus Pahl | ||
| 700 | _aDonald Ferguson | ||
| 856 | _uhttps://link.springer.com/openurl?genre=book&isbn=978-3-031-68165-3 | ||
| 942 |
_cEB _2ddc |
||
| 999 |
_c56783 _d56783 |
||